000 00800nam a2200217Ia 4500
001 17047
003 GE_BSU
008 181216s||||||||xx |||||||||||||| ||und||
040 _cGE_BSU
080 _a821.161.1-32
100 _aპავლენკო, პეტრე
245 _aმოთხრობები
245 _cავტობიოგრაფიის თარგმ. პლატონ ბებიასი.
260 _aთბილისი
260 _bსახელგამი
260 _c1955
300 _a168გვ. ; 17სმ.
653 _aავტობიოგრაფია; სიტყვის ძალა; ერთგულება; გარიჟრაჟი [და სხვა]
653 _aმოთხრობები
942 _cBK
999 _c50109
_d50109